[Event "FIDE World Uni Rapid-A 1st"]
[Site "Tornelo INT"]
[Date "2021.03.20"]
[Round "3"]
[White "Theodorou, Nikolas"]
[Black "Carrasco Jacome, Bryan Ricardo"]
[Result "1-0"]
[WhiteElo "2554"]
[BlackElo "2103"]
[PlyCount "111"]
[EventDate "2021.03.20"]
[EventType "swiss (rapid)"]
[EventRounds "12"]
[EventCountry "NET"]
[SourceTitle "CBM 201 Extra"]
[Source "ChessBase"]
[SourceDate "2021.05.31"]
[SourceVersion "1"]
[SourceVersionDate "2021.05.31"]
[SourceQuality "1"]

1. Nf3 c5 2. g3 b6 3. Bg2 Bb7 4. 0-0 Nf6 5. c4 g6 6. Nc3 Bg7 7. Re1 0-0 8. e4 d6 9. d4 cxd4 10. Nxd4 Qc8 11. b3 Nc6 12. Be3 Nxd4 13. Bxd4 Nd7 14. Bxg7 Kxg7 15. Qd4+ f6 16. Nd5 Re8 17. Qb2 Ne5 18. Rad1 Qc5 19. Nf4 Bc8 20. h3 Bd7 21. Kh2 Kf7 22. Nd5 Be6 23. f4 Nd7 24. b4 Qc8 25. Qd4 a5 26. Ne3 Kg7 27. a3 axb4 28. axb4 Ra4 29. Qc3 Qa6 30. Ra1 Ra8 31. Rxa4 Qxa4 32. e5 fxe5 33. Bxa8 Qxa8 34. Ng2 Qa2 35. Ra1 Qe2 36. Re1 Qxc4 37. Qxc4 Bxc4 38. Ra1 Kf6 39. Ra7 Be6 40. g4 h5 41. Kg3 hxg4 42. hxg4 exf4+ 43. Nxf4 Ne5 44. g5+ Kf5 45. Rxe7 Bc4 46. Rb7 b5 47. Rb6 d5 48. Rd6 Kxg5 49. Nxd5 Nf7 50. Rb6 Ne5 51. Nc3 Nd3 52. Nxb5 Nxb4 53. Nd6 Nd5 54. Rb2 Ne3 55. Kf3 Nd1 56. Rg2+ 1-0

[Event "FIDE World Uni Blitz-B 1st"]
[Site "Tornelo INT"]
[Date "2021.03.13"]
[Round "9.31"]
[White "Ghevondyan, Arman"]
[Black "Carrasco Jacome, Bryan Ricardo"]
[Result "1-0"]
[WhiteElo "1895"]
[BlackElo "2103"]
[PlyCount "89"]
[EventDate "2021.03.13"]
[EventType "swiss (blitz)"]
[EventRounds "10"]
[EventCountry "NET"]
[SourceTitle "EXT 2022"]
[Source "ChessBase"]
[SourceDate "2021.10.06"]
[SourceVersion "1"]
[SourceVersionDate "2021.10.06"]
[SourceQuality "1"]

1. Nf3 c5 2. g3 b6 3. Bg2 Bb7 4. 0-0 Nf6 5. d4 e6 6. c4 cxd4 7. Qxd4 Be7 8. b3 Nc6 9. Qd3 Qc7 10. Bb2 0-0 11. Nc3 Nb4 12. Qd2 Rac8 13. Nb5 Qb8 14. Bxf6 gxf6 15. Rfd1 a6 16. Nd6 Qxd6 17. Qxd6 Bxd6 18. Rxd6 Bc6 19. Nd4 Bxg2 20. Kxg2 Nc6 21. Rxd7 Ne5 22. Rb7 Rb8 23. Rxb8 Rxb8 24. f4 Ng4 25. h3 Nh6 26. Nc6 Rb7 27. Rd1 Nf5 28. Kf3 Rc7 29. Nb4 a5 30. Nc2 b5 31. Na3 b4 32. Nb5 Rc6 33. e4 Ne7 34. Rd8+ Kg7 35. Rd7 Nc8 36. e5 fxe5 37. fxe5 a4 38. Nd6 axb3 39. axb3 Nb6 40. Rxf7+ Kg6 41. Rf6+ Kg7 42. Rxe6 Kf8 43. Ke4 Nxc4 44. Re8+ Kg7 45. Nxc4 1-0

[Event "FIDE World Uni Blitz-B 1st"]
[Site "Tornelo INT"]
[Date "2021.03.13"]
[Round "4.36"]
[White "Olendo, Sara Francine"]
[Black "Carrasco Jacome, Bryan Ricardo"]
[Result "0-1"]
[WhiteElo "1692"]
[BlackElo "2103"]
[PlyCount "74"]
[EventDate "2021.03.13"]
[EventType "swiss (blitz)"]
[EventRounds "10"]
[EventCountry "NET"]
[SourceTitle "EXT 2022"]
[Source "ChessBase"]
[SourceDate "2021.10.06"]
[SourceVersion "1"]
[SourceVersionDate "2021.10.06"]
[SourceQuality "1"]

1. e4 c5 2. Nc3 Nc6 3. Bc4 e6 4. f4 Na5 5. Be2 d5 6. d3 Nf6 7. Nf3 dxe4 8. dxe4 Qxd1+ 9. Bxd1 a6 10. a4 b6 11. 0-0 Bb7 12. Re1 Be7 13. b3 0-0-0 14. e5 Nd5 15. Ne4 h6 16. Bb2 Rhg8 17. g3 g5 18. fxg5 hxg5 19. c4 Nb4 20. Bc3 Rd3 21. Bxb4 cxb4 22. Kf2 Nxb3 23. Rb1 Nc5 24. Nfd2 a5 25. Bc2 Rd4 26. Nxc5 Bxc5 27. Ke2 Rgd8 28. Nb3 Rxc4 29. Bd3 Rc3 30. Nxc5 bxc5 31. Rbd1 Rcxd3 32. Rxd3 Ba6 33. Red1 b3 34. Ke3 Rxd3+ 35. Rxd3 Bxd3 36. Kxd3 c4+ 37. Kc3 g4 0-1